Tradičné rómske remeslá na Gemeri

Bibliographic Details
Corporate Author: Nadácia pre ochranu a rozvoj rómskych tradičných remesiel na Slovensku (Rožňava, Slovensko) (Author)
Format: Book
Language:Slovak
PhysicalDescription:[54] s. fotogr. 21x15 cm
Published: Rožňava Nadácia pre ochranu a rozvoj rómskych tradičných remesiel [1997]
ISBN:8096763377
Subjects:

MARC

LEADER 00000nam a2200000 a 4500
001 vtls001304125
003 SK-MaSNL
005 20260301004922.0
008 160415s1997 xo b y 0 slo
015 |a SNBE1998/02-01297 
020 |a 8096763377 
035 |a SNK000256312 
040 |a SNK  |b slo  |c SNK  |e AACR2 
041 0 |a slo 
044 |a xo  |c SK 
080 |a 397(=914.99):67:379.826:746.6/.7(083.9)  |2 1981 
080 |a 67  |2 1981 
080 |a 379.826  |2 1981 
080 |a 746.6/.7  |2 1981 
110 0 |a Nadácia pre ochranu a rozvoj rómskych tradičných remesiel na Slovensku (Rožňava, Slovensko)  |4 aut  |9 32301 
245 1 |a Tradičné rómske remeslá na Gemeri 
260 |a Rožňava  |b Nadácia pre ochranu a rozvoj rómskych tradičných remesiel  |c [1997] 
300 |a [54] s.  |b fotogr.  |c 21x15 cm 
650 0 7 |a Rómovia  |x remeslá rómske  |x tradícia  |x katalógy  |2 SNK  |9 288443 
650 0 7 |a remeslá rómske  |x tradícia  |z Gemer (Slovensko)  |x katalógy  |2 SNK  |9 288444 
655 7 |a informačné publikácie  |2 SNK  |9 70181 
919 |a 80-967633-7-7 
958 |a TL 
999 |c 543712  |d 545642 
952 |t P60, <09>, [BOOK], {629}  |a SNK  |b SNK  |y NEVYP  |7 0  |o snkC 2242  |i snk4459/971007  |0 0  |1 0  |4 0  |d 1997-10-01  |l 0  |r 2005-01-02 00:00:00  |w 2026-02-23 
952 |t P60, <03>, [BOOK], {603}  |a SNK  |b SNK  |y PREZ  |7 0  |p 17A0100126  |o snkOSC 19286  |i snkKSP 10017/97  |0 0  |1 0  |4 0  |d 1997-10-01  |l 0  |r 2005-01-02 00:00:00  |w 2026-02-23 
952 |t P60, <04>, [BOOK], {604}  |a SNK  |b SNK  |y VYP  |7 0  |p 17A0100127  |o snkOSC 19286 D1  |i snkKSP 10018/97  |0 0  |1 0  |4 0  |d 1997-10-01  |l 0  |r 2005-01-02 00:00:00  |w 2026-02-23